Filosofía y formación ética y ciudadana i /
Guardado en:
| Autor Principal: | |
|---|---|
| Otros Autores: | , , |
| Formato: | Libro |
| Publicado: |
Buenos Aires :
Kapelusz,
2000
|
| Series: | Biblioteca del Polimodal
|
| Materias: | |
| Etiquetas: |
Agregar Etiqueta
Sin Etiquetas, Sea el primero en etiquetar este registro!
|
| LEADER | 01297nam a22002895a 4500 | ||
|---|---|---|---|
| 001 | CEM.cems010996 | ||
| 005 | 20080228102920.0 | ||
| 008 | 130507s2000##################000#0#####d | ||
| 003 | CEMS | ||
| 020 | |a 9501324370 | ||
| 082 | 0 | 4 | |a Z320 |
| 100 | 1 | |a Morando, Nelva Edith | |
| 245 | 1 | 0 | |a Filosofía y formación ética y ciudadana i / |c Nelva Edith Morando ... [et Al.] |
| 260 | |a Buenos Aires : |b Kapelusz, |c 2000 | ||
| 300 | |a 216 p. | ||
| 490 | 0 | |a Biblioteca del Polimodal | |
| 505 | 0 | |a El lenguaje -- La argumentación -- Las falacias -- Introducción a la cuestión ética -- Teorías éticas -- Preguntas, historia, debates en la construcción de una sociedad justa -- Los derechos humanos -- La democracia como forma de vida | |
| 653 | |a Filosofía | ||
| 653 | |a Formación ética y ciudadana-polimodal | ||
| 700 | 1 | |a Arca, Claudio M. | |
| 700 | 1 | |a Garriga, María Cristina | |
| 700 | 1 | |a Acevedo, Ana María | |
| 859 | |a CEMS |b BIB. CEMS - 11 de abril |h Z320 |i M794 |p 21791.02 |t Ej.1 |v 1 |3 1 | ||
| 859 | |a CEMS |b BIB. CEMS - 11 de abril |h Z320 |i M794 |p 22384.04 |t Ej.2 |v 1 |3 1 | ||
| 859 | |a CEMS |b BIB. CEMS - 11 de abril |h Z320 |i M794 |p 22817.05 |t Ej.3 |v 1 |3 1 | ||
| 859 | |a CEMS |b BIB. CEMS - 11 de abril |h Z320 |i M794 |p 22818.05 |t Ej.4 |v 1 |3 1 | ||
| 859 | |a CEMS |b BIB. CEMS - 11 de abril |h Z320 |i M794 |p 22834.05 |t Ej.5 |v 1 |3 1 | ||
